000167943 001__ 167943
000167943 005__ 20260123143856.0
000167943 0248_ $$2sideral$$a147566
000167943 037__ $$aART-2018-147566
000167943 041__ $$aeng
000167943 100__ $$aFernández-Valencia J.A.
000167943 245__ $$aGuide for reviewers of papers submitted to International Journal of Advanced Joint Reconstruction
000167943 260__ $$c2018
000167943 5060_ $$aAccess copy available to the general public$$fUnrestricted
000167943 5203_ $$aWe provide a guide for reviewers contributing to the peer-review of the journal, based on previously published recommendations and also in our experience as editors.
000167943 540__ $$9info:eu-repo/semantics/openAccess$$aby-nc$$uhttps://creativecommons.org/licenses/by-nc/4.0/deed.es
000167943 655_4 $$ainfo:eu-repo/semantics/article$$vinfo:eu-repo/semantics/publishedVersion
000167943 700__ $$aWeinrauch P.CL.
000167943 700__ $$0(orcid)0000-0003-1114-4045$$aBallesteros-Betancourt J.
000167943 773__ $$g5, 1 (2018), 1-3$$pInt. j. adv. jt. reconstr.$$tInternational journal of advanced joint reconstruction$$x2385-7900
000167943 8564_ $$s321273$$uhttps://zaguan.unizar.es/record/167943/files/texto_completo.pdf$$yVersión publicada
000167943 8564_ $$s2096351$$uhttps://zaguan.unizar.es/record/167943/files/texto_completo.jpg?subformat=icon$$xicon$$yVersión publicada
000167943 909CO $$ooai:zaguan.unizar.es:167943$$particulos$$pdriver
000167943 951__ $$a2026-01-23-14:37:10
000167943 980__ $$aARTICLE